[Event "Barcelona Sant Marti op-A 24th"]
[Site "Barcelona"]
[Date "2024.07.15"]
[Round "3"]
[White "Vaibhav, Jayant Raut"]
[Black "Mangues Rubia, Oriol"]
[Result "0-1"]
[ECO "A37"]
[WhiteElo "2071"]
[BlackElo "1963"]
[PlyCount "114"]
[EventDate "2024.07.13"]
[EventType "swiss"]
[EventRounds "9"]
[EventCountry "ESP"]
[SourceTitle "CBM 221 Extra"]
[Source "ChessBase"]
[SourceDate "2024.09.30"]
[SourceVersion "1"]
[SourceVersionDate "2024.09.30"]
[SourceQuality "1"]

1. c4 c5 2. Nc3 Nc6 3. g3 e5 4. Bg2 g6 5. a3 a5 6. d3 Bg7 7. Nf3 Nge7 8. 0-0 d6 9. Ne1 Be6 10. Nc2 d5 11. cxd5 Nxd5 12. Ne3 Nde7 13. Nc4 0-0 14. Bd2 Rb8 15. Ne4 b6 16. Rb1 h6 17. a4 f5 18. Ned6 Nd4 19. Bc3 Qc7 20. e3 Ndc6 21. Nb5 Qd7 22. Qe2 Bd5 23. Rbd1 f4 24. exf4 exf4 25. Nd2 Rbe8 26. Ne4 Nf5 27. Qg4 Kh7 28. Qxf4 Ncd4 29. Qc7 Qc6 30. Rde1 Re7 31. Qf4 Qd7 32. Bxd4 Nxd4 33. Qxf8 Bxe4 34. Qxe7 Qxe7 35. Rxe4 Qf8 36. Nc3 h5 37. g4 Nf3+ 38. Kh1 Nd2 39. f4 Nxf1 40. Bxf1 Bxc3 41. bxc3 hxg4 42. Be2 Qf6 43. c4 Qh4 44. Kg1 g3 45. hxg3 Qxg3+ 46. Kf1 Qh3+ 47. Kf2 Qd7 48. Re5 Qxa4 49. Re7+ Kh6 50. Re6 Qb3 51. f5 a4 52. Rxg6+ Kh7 53. Rd6 a3 54. f6 a2 55. Rd7+ Kg8 56. Ra7 Qb2 57. f7+ Kg7 0-1

[Event "Foment Martinenc op-A 24th"]
[Site "Barcelona"]
[Date "2024.06.08"]
[Round "8"]
[White "Minguell Soler, Joan"]
[Black "Mangues Rubia, Oriol"]
[Result "1-0"]
[ECO "E39"]
[WhiteElo "1977"]
[BlackElo "1960"]
[PlyCount "93"]
[EventDate "2024.04.20"]
[EventType "swiss"]
[EventRounds "9"]
[EventCountry "ESP"]
[SourceTitle "CBM 220 Extra"]
[Source "ChessBase"]
[SourceDate "2024.07.31"]
[SourceVersion "1"]
[SourceVersionDate "2024.07.31"]
[SourceQuality "1"]

1. d4 Nf6 2. c4 e6 3. Nc3 Bb4 4. Qc2 c5 5. dxc5 0-0 6. Nf3 Na6 7. g3 Nxc5 8. Bd2 b6 9. Bg2 Bb7 10. 0-0 Rc8 11. a3 Bxc3 12. Bxc3 d5 13. b3 dxc4 14. bxc4 Nfe4 15. Bb2 Bc6 16. a4 Qe8 17. Ne5 Bxa4 18. Rxa4 Qxa4 19. Bxe4 Qxc2 20. Bxc2 f6 21. Nf3 Nb7 22. Bd3 Nc5 23. Ba3 Rfd8 24. Bxc5 Rxc5 25. Rb1 g6 26. Rb5 Rdc8 27. Nd2 e5 28. f4 exf4 29. gxf4 Kf7 30. Kf2 Ke7 31. h4 R5c6 32. Rb1 a5 33. Be4 Rd6 34. Bd3 Ra8 35. Ne4 Rc6 36. Nc3 Rb8 37. Nd5+ Kf7 38. Ke3 Rd6 39. Kd4 Kg7 40. e4 Kh6 41. e5 fxe5+ 42. fxe5 Re6 43. Re1 Rd8 44. Bc2 Rd7 45. Bd1 Rc6 46. Ba4 Rcc7 47. Bxd7 1-0

[Event "Foment Martinenc op-A 24th"]
[Site "Barcelona"]
[Date "2024.05.04"]
[Round "3"]
[White "Ballo Serrano, Jan"]
[Black "Mangues Rubia, Oriol"]
[Result "0-1"]
[ECO "B30"]
[WhiteElo "1845"]
[BlackElo "1960"]
[PlyCount "56"]
[EventDate "2024.04.20"]
[EventType "swiss"]
[EventRounds "9"]
[EventCountry "ESP"]
[SourceTitle "CBM 220 Extra"]
[Source "ChessBase"]
[SourceDate "2024.07.31"]
[SourceVersion "1"]
[SourceVersionDate "2024.07.31"]
[SourceQuality "1"]

1. e4 c5 2. Nc3 Nc6 3. Bb5 Nd4 4. Bc4 e6 5. Nf3 Nf6 6. 0-0 Qc7 7. d3 Ng4 8. g3 Nxf3+ 9. Qxf3 Ne5 10. Qe2 a6 11. Bb3 b5 12. f4 Nc6 13. Be3 Bb7 14. Qf2 Na5 15. f5 Bd6 16. Rae1 Rc8 17. fxe6 dxe6 18. Bf4 Bxf4 19. gxf4 0-0 20. f5 c4 21. f6 cxb3 22. Qg2 g6 23. d4 Rfd8 24. Qh3 Qd6 25. Rd1 bxc2 26. Rd2 c1Q 27. Rxc1 b4 28. Qh6 Qf8 0-1

[Event "Llinars del Valles 3rd"]
[Site "Llinars del Valles"]
[Date "2023.06.26"]
[Round "2"]
[White "Arpan, Das Jr"]
[Black "Mangues Rubia, Oriol"]
[Result "1-0"]
[ECO "B62"]
[WhiteElo "2365"]
[BlackElo "1902"]
[PlyCount "99"]
[EventDate "2023.06.25"]
[EventType "swiss"]
[EventRounds "9"]
[EventCountry "ESP"]
[SourceTitle "CBM 215 Extra"]
[Source "ChessBase"]
[SourceDate "2023.09.30"]
[SourceVersion "1"]
[SourceVersionDate "2023.09.30"]
[SourceQuality "1"]

1. e4 c5 2. Nf3 d6 3. d4 cxd4 4. Nxd4 Nf6 5. Nc3 Nc6 6. Bg5 e6 7. Qd3 Bd7 8. 0-0-0 a6 9. f4 Be7 10. Nf3 Rc8 11. Kb1 Qa5 12. Bxf6 Bxf6 13. Qxd6 Rd8 14. Qd2 Bxc3 15. Qxc3 Qxc3 16. bxc3 0-0 17. Be2 Na7 18. Ne5 Ba4 19. Rxd8 Rxd8 20. Rd1 Rxd1+ 21. Bxd1 f6 22. Nc4 Bc6 23. Bf3 Kf7 24. Kc1 Ke7 25. Kd2 f5 26. Na5 fxe4 27. Nxc6+ bxc6 28. Bxe4 h6 29. Kd3 Kd6 30. Kc4 c5 31. Bb7 a5 32. a4 Kc7 33. Bf3 Kd6 34. h4 Ke7 35. Kxc5 Nc8 36. Kb5 Kd6 37. Kxa5 Kc5 38. Ka6 Nd6 39. a5 Nc4 40. Be2 Nd6 41. Bd3 Kc6 42. Be2 Kc7 43. Bg4 Ne4 44. Kb5 Nxc3+ 45. Kc5 Ne4+ 46. Kd4 Nf6 47. Bxe6 Kb7 48. Bc4 Nh5 49. Ke5 Ng3 50. Bd3 1-0

[Event "Foment Martinenc op-A 23rd"]
[Site "Barcelona"]
[Date "2023.04.22"]
[Round "1"]
[White "Bru Rullo, Llatzer"]
[Black "Mangues Rubia, Oriol"]
[Result "1-0"]
[ECO "D05"]
[WhiteElo "2246"]
[BlackElo "1903"]
[PlyCount "131"]
[EventDate "2023.04.22"]
[EventType "swiss"]
[EventRounds "9"]
[EventCountry "ESP"]
[SourceTitle "EXT 2024"]
[Source "ChessBase"]
[SourceDate "2023.10.10"]
[SourceVersion "1"]
[SourceVersionDate "2023.10.10"]
[SourceQuality "1"]

1. d4 Nf6 2. Nf3 e6 3. e3 d5 4. Bd3 Bd6 5. Nbd2 c5 6. b3 Nc6 7. Bb2 0-0 8. dxc5 Bxc5 9. 0-0 Bd6 10. c4 Re8 11. a3 e5 12. cxd5 Nxd5 13. Qc2 h6 14. Nc4 Bc7 15. Rfd1 Qe7 16. Bh7+ Kh8 17. Rxd5 e4 18. Bxe4 Qxe4 19. Qxe4 Rxe4 20. Nd4 Nxd4 21. Rxd4 Rxd4 22. Bxd4 Be6 23. g3 b5 24. Nd2 Bd6 25. Ne4 Be7 26. Bc5 Bxc5 27. Nxc5 Rc8 28. b4 Bc4 29. Rd1 a5 30. Nb7 axb4 31. axb4 Kg8 32. Nd6 Rc6 33. Rd2 Kf8 34. f3 g6 35. Kf2 Ke7 36. Nb7 Be6 37. Nc5 Rc7 38. e4 Ra7 39. Ke3 Ra3+ 40. Rd3 Ra2 41. Nxe6 fxe6 42. Kd4 Rc2 43. Rc3 e5+ 44. Kd3 Rb2 45. Rc5 Rxb4 46. Rxe5+ Kf6 47. Rc5 Rb3+ 48. Ke2 Rb2+ 49. Ke3 Rb3+ 50. Kf4 g5+ 51. Kg4 b4 52. f4 gxf4 53. gxf4 Rc3 54. Rb5 Rc4 55. Rb6+ Kg7 56. Kf5 Rc5+ 57. e5 Rc4 58. Rb7+ Kf8 59. e6 Rc5+ 60. Kf6 Rc8 61. Rxb4 h5 62. Rb7 Kg8 63. Rd7 h4 64. Rg7+ Kh8 65. Rg4 h3 66. Kf7 1-0

[Event "Catalunya-chT Gp1"]
[Site "Barcelona"]
[Date "2023.03.04"]
[Round "7.10"]
[White "Mompel Ferruz, Xavier"]
[Black "Mangues Rubia, Oriol"]
[Result "1-0"]
[ECO "B62"]
[WhiteElo "2140"]
[BlackElo "1823"]
[PlyCount "95"]
[EventDate "2023.01.21"]
[EventType "team-tourn"]
[EventRounds "7"]
[EventCountry "ESP"]
[SourceTitle "CBM 213 Extra"]
[Source "ChessBase"]
[SourceDate "2023.05.31"]
[SourceVersion "1"]
[SourceVersionDate "2023.05.31"]
[SourceQuality "1"]
[WhiteTeam "Valls"]
[BlackTeam "Ateneu Colon"]
[WhiteTeamCountry "ESP"]
[BlackTeamCountry "ESP"]

1. e4 c5 2. Nf3 Nc6 3. d4 cxd4 4. Nxd4 Nf6 5. Nc3 d6 6. Bg5 e6 7. Bb5 Bd7 8. Qd3 a6 9. Bxc6 bxc6 10. 0-0-0 Be7 11. Nb3 a5 12. e5 Nd5 13. Bxe7 Qxe7 14. exd6 Qxd6 15. Ne4 Qf4+ 16. Kb1 0-0 17. g3 Qf5 18. Nd4 Qg6 19. h4 e5 20. h5 Qh6 21. Nb3 Be6 22. a3 a4 23. Nbc5 f5 24. Nc3 Nxc3+ 25. Qxc3 Bd5 26. f3 e4 27. f4 Qf6 28. Qxf6 Rxf6 29. Nd7 Rh6 30. Nb6 Ra5 31. Rd4 e3 32. Re1 Rxh5 33. Nxd5 Rxd5 34. Rxa4 Rh2 35. Rxe3 Rd1+ 36. Ka2 Rxc2 37. Re7 Rd8 38. Raa7 Rb8 39. Rxg7+ Kf8 40. Rgb7 Rxb7 41. Rxb7 c5 42. Rxh7 c4 43. Rc7 Ke8 44. Kb1 Rg2 45. Rxc4 Kd7 46. Rc3 Kd6 47. a4 Kd5 48. a5 1-0

[Event "ESP-ch U18 Rapid"]
[Site "Salobrena"]
[Date "2022.08.06"]
[Round "1"]
[White "Mangues Rubia, Oriol"]
[Black "Gonzalez Lema, Carlos"]
[Result "1/2-1/2"]
[ECO "C29"]
[WhiteElo "1519"]
[BlackElo "2014"]
[PlyCount "172"]
[EventDate "2022.08.06"]
[EventType "swiss (rapid)"]
[EventRounds "9"]
[EventCountry "ESP"]
[SourceTitle "EXT 2023"]
[Source "ChessBase"]
[SourceDate "2022.10.05"]
[SourceVersion "1"]
[SourceVersionDate "2022.10.05"]
[SourceQuality "1"]

1. e4 e5 2. Nc3 Nf6 3. f4 Nc6 4. fxe5 Nxe5 5. d4 Ng6 6. e5 Ng8 7. Nf3 d6 8. Qe2 dxe5 9. dxe5 c6 10. Bd2 Bg4 11. 0-0-0 Qe7 12. Qe4 Bxf3 13. gxf3 0-0-0 14. Bh3+ Kb8 15. Rhe1 Qb4 16. Bg5 Rxd1+ 17. Rxd1 Qxe4 18. Rd8+ Kc7 19. Rd7+ Kb6 20. Bd8+ Ka6 21. Nxe4 Nxe5 22. Bf1+ b5 23. Rc7 f5 24. f4 Nc4 25. Rxc6+ Nb6 26. Nc5+ Bxc5 27. Rxc5 Nh6 28. Bxb5+ Kb7 29. Bxb6 Kxb6 30. Re5 g6 31. Bd3 Ng4 32. Re6+ Kc5 33. Kd2 Nxh2 34. Kc3 Rc8 35. Bc4 Rc6 36. b4+ Kb6 37. Re7 Ng4 38. a4 a5 39. b5 Rd6 40. Rxh7 Nf6 41. Rh8 Ne4+ 42. Kb2 Rd4 43. Bb3 Nc5 44. Rh6 Rd6 45. Bf7 Nxa4+ 46. Ka3 Nc3 47. Rxg6 Nxb5+ 48. Kb2 Rxg6 49. Bxg6 Nd6 50. Kc3 Kc5 51. Kd3 Kb4 52. Kd2 a4 53. Kc1 Kc3 54. Bh7 Kb4 55. Kb2 Nc4+ 56. Ka2 Ne3 57. Kb2 Nd1+ 58. Ka2 Nc3+ 59. Kb2 a3+ 60. Ka1 Ne2 61. Bxf5 Nxf4 62. Ka2 Nd5 63. Be6 Nc3+ 64. Ka1 Kc5 65. Bg8 Kd4 66. Bf7 Ke3 67. Bg8 Kd2 68. Bb3 Kc1 69. Ba4 Kd2 70. Bb3 Ke3 71. Ba4 Kd4 72. Bb3 Kc5 73. Bf7 Ne2 74. Ka2 Kb4 75. Bb3 Nd4 76. Bf7 Nxc2 77. Bb3 Nd4 78. Bf7 Nb5 79. Ka1 Nc3 80. Bg8 Na4 81. Ba2 Nc5 82. Bd5 Nd3 83. Ba2 Kc3 84. Bb1 Nc1 85. Ba2 Nxa2 86. Kxa2 Kc2 1/2-1/2

[Event "ESP-ch U14 Rapid"]
[Site "Salobrena"]
[Date "2022.07.23"]
[Round "1"]
[White "Mangues Rubia, Oriol"]
[Black "Palomino Lopez, Juan Carlos"]
[Result "1-0"]
[ECO "C30"]
[WhiteElo "1555"]
[BlackElo "1274"]
[PlyCount "69"]
[EventDate "2022.07.23"]
[EventType "swiss (rapid)"]
[EventRounds "9"]
[EventCountry "ESP"]
[SourceTitle "EXT 2023"]
[Source "ChessBase"]
[SourceDate "2022.10.05"]
[SourceVersion "1"]
[SourceVersionDate "2022.10.05"]
[SourceQuality "1"]

1. e4 e5 2. Nc3 Nc6 3. f4 d6 4. Nf3 Bg4 5. d3 Nf6 6. Be2 Be7 7. h3 Bxf3 8. Bxf3 Nd4 9. 0-0 0-0 10. f5 c6 11. g4 h6 12. Be3 Rc8 13. Bxd4 exd4 14. Ne2 c5 15. Kh1 Nd7 16. c3 dxc3 17. Nxc3 Ne5 18. Nd5 b5 19. Bg2 Bh4 20. f6 Ng6 21. Rf5 gxf6 22. Qf3 Bg5 23. Nxf6+ Kg7 24. Nh5+ Kg8 25. Qf2 Rc7 26. Rf1 Be7 27. Ng3 Bh4 28. Qe3 Bg5 29. Qe2 Nh4 30. Rd5 Ng6 31. Nf5 Rd7 32. Qe1 Ne5 33. Qc3 b4 34. Qe1 a5 35. h4 1-0

[Event "ESP-ch U14"]
[Site "Salobrena"]
[Date "2022.07.23"]
[Round "9"]
[White "Moreno Burillo, Marcos Antonio"]
[Black "Mangues Rubia, Oriol"]
[Result "1-0"]
[ECO "E20"]
[WhiteElo "1775"]
[BlackElo "1957"]
[PlyCount "101"]
[EventDate "2022.07.18"]
[EventType "swiss"]
[EventRounds "9"]
[EventCountry "ESP"]
[SourceTitle "EXT 2023"]
[Source "ChessBase"]
[SourceDate "2022.10.05"]
[SourceVersion "1"]
[SourceVersionDate "2022.10.05"]
[SourceQuality "1"]

1. d4 Nf6 2. c4 e6 3. Nc3 Bb4 4. Bd2 d6 5. e3 Nc6 6. Bd3 e5 7. d5 Ne7 8. Qa4+ c6 9. Qxb4 cxd5 10. cxd5 0-0 11. e4 Ne8 12. Nf3 Bg4 13. Be2 f5 14. exf5 Bxf5 15. 0-0 Nf6 16. Ng5 h6 17. Nge4 Nxe4 18. Nxe4 Nxd5 19. Bc4 Bxe4 20. Qb3 Kh8 21. Bxd5 Bg6 22. Rac1 Qd7 23. Qxb7 Qxb7 24. Bxb7 Rab8 25. Rc7 d5 26. Rfc1 d4 27. f3 Rf6 28. Rc8+ Rxc8 29. Rxc8+ Kh7 30. Be4 Rb6 31. Bxg6+ Kxg6 32. b3 Kf5 33. Kf2 g5 34. g4+ Ke6 35. Ke2 Kd7 36. Rh8 a6 37. Rh7+ Ke8 38. Kd3 Rc6 39. Bb4 Rf6 40. Re7+ Kd8 41. Ke4 d3 42. Rxe5 Rf4+ 43. Kxd3 Rxb4 44. Re6 h5 45. gxh5 Rh4 46. h6 Rxh2 47. Rxa6 Rh4 48. Rg6 Ke7 49. a4 Kf7 50. Rb6 Ke7 51. a5 1-0

[Event "ESP-ch U14"]
[Site "Salobrena"]
[Date "2022.07.22"]
[Round "8"]
[White "Mangues Rubia, Oriol"]
[Black "Bergaretxe Gavalda, Unai"]
[Result "1-0"]
[ECO "B07"]
[WhiteElo "1957"]
[BlackElo "1660"]
[PlyCount "65"]
[EventDate "2022.07.18"]
[EventType "swiss"]
[EventRounds "9"]
[EventCountry "ESP"]
[SourceTitle "EXT 2023"]
[Source "ChessBase"]
[SourceDate "2022.10.05"]
[SourceVersion "1"]
[SourceVersionDate "2022.10.05"]
[SourceQuality "1"]

1. e4 d6 2. d4 Nf6 3. Nc3 Nbd7 4. f4 e5 5. Nf3 exd4 6. Qxd4 c6 7. Bc4 b5 8. Be2 Qb6 9. Qd1 Be7 10. Nd4 g6 11. Be3 Qc7 12. Bf3 Bb7 13. a3 Nb6 14. 0-0 0-0 15. f5 Rfe8 16. fxg6 hxg6 17. Bg5 Nfd7 18. Qc1 Ne5 19. h4 Bxg5 20. Qxg5 Qe7 21. Qg3 Bc8 22. Nf5 Bxf5 23. exf5 Nxf3+ 24. Rxf3 Kh7 25. Raf1 Rf8 26. h5 g5 27. Re3 Qd8 28. f6 Nc4 29. Qxg5 Rg8 30. Qf5+ Kh8 31. Qf4 Kh7 32. Re7 Qb6+ 33. Kh1 1-0

[Event "ESP-ch U14"]
[Site "Salobrena"]
[Date "2022.07.21"]
[Round "6"]
[White "Mangues Rubia, Oriol"]
[Black "Lazaro Azcutia, Miguel"]
[Result "0-1"]
[ECO "C29"]
[WhiteElo "1957"]
[BlackElo "1679"]
[PlyCount "104"]
[EventDate "2022.07.18"]
[EventType "swiss"]
[EventRounds "9"]
[EventCountry "ESP"]
[SourceTitle "EXT 2023"]
[Source "ChessBase"]
[SourceDate "2022.10.05"]
[SourceVersion "1"]
[SourceVersionDate "2022.10.05"]
[SourceQuality "1"]

1. e4 e5 2. Nc3 Nf6 3. f4 d5 4. fxe5 Nxe4 5. Qf3 Nxc3 6. dxc3 c6 7. Bf4 Be6 8. Qg3 Nd7 9. 0-0-0 Qa5 10. Kb1 Nb6 11. a3 Na4 12. Bc1 Qb6 13. Ka1 0-0-0 14. Ne2 Nc5 15. Be3 Qa5 16. Bxc5 Qxc5 17. Nd4 Qe7 18. Be2 g6 19. Rde1 Bg7 20. Bg4 Rde8 21. Bxe6+ fxe6 22. h4 Rhg8 23. h5 g5 24. h6 Bh8 25. Qg4 Rg6 26. Rh5 Rf8 27. g3 a6 28. Re3 c5 29. Nf3 Rf5 30. Rd3 Kb8 31. Re3 Qc7 32. Rxg5 Rfxg5 33. Nxg5 Qe7 34. Rf3 Rxg5 35. Qf4 Rf5 36. Qg4 Rxf3 37. Qxf3 Bxe5 38. Qg4 Qf7 39. Qg5 Bf6 40. Qf4+ Ka7 41. Qe3 Qe7 42. Qf3 Bg5 43. Qh5 e5 44. Qh3 e4 45. Qg2 e3 46. Qe2 Bxh6 47. b4 Bg7 48. b5 Bxc3+ 49. Ka2 d4 50. a4 c4 51. Qxc4 Qb4 52. b6+ Qxb6 0-1

[Event "ESP-ch U14"]
[Site "Salobrena"]
[Date "2022.07.18"]
[Round "2"]
[White "Mangues Rubia, Oriol"]
[Black "Gil Jimenez, Ruben"]
[Result "0-1"]
[ECO "C00"]
[WhiteElo "1957"]
[BlackElo "1675"]
[PlyCount "44"]
[EventDate "2022.07.18"]
[EventType "swiss"]
[EventRounds "9"]
[EventCountry "ESP"]
[SourceTitle "EXT 2023"]
[Source "ChessBase"]
[SourceDate "2022.10.05"]
[SourceVersion "1"]
[SourceVersionDate "2022.10.05"]
[SourceQuality "1"]

1. e4 e6 2. d3 d5 3. Nd2 Nc6 4. Ngf3 e5 5. g3 f6 6. Bg2 Be6 7. c3 Qd7 8. b4 dxe4 9. Nxe4 0-0-0 10. b5 Na5 11. Qa4 Qxd3 12. Nfd2 b6 13. Bf1 Qd5 14. c4 Qd7 15. Be2 Kb8 16. 0-0 Nb7 17. Nb3 Bf5 18. c5 bxc5 19. Be3 Bxe4 20. Qxe4 Qd5 21. Rfd1 Qxe4 22. Rxd8+ Nxd8 0-1

[Event "Foment Martinenc op-A 22nd"]
[Site "Barcelona"]
[Date "2022.05.28"]
[Round "6"]
[White "Mangues Rubia, Oriol"]
[Black "Pinero, Reinaldo Adolfo"]
[Result "1-0"]
[ECO "B05"]
[WhiteElo "1665"]
[BlackElo "1848"]
[PlyCount "65"]
[EventDate "2022.04.23"]
[EventType "swiss"]
[EventRounds "9"]
[EventCountry "ESP"]
[SourceTitle "EXT 2023"]
[Source "ChessBase"]
[SourceDate "2022.10.05"]
[SourceVersion "1"]
[SourceVersionDate "2022.10.05"]
[SourceQuality "1"]

1. e4 Nf6 2. e5 Nd5 3. d4 d6 4. Nf3 Bg4 5. c4 Nb6 6. exd6 exd6 7. Nc3 Qe7+ 8. Be3 Nc6 9. Nd5 Qd7 10. h3 Bh5 11. Nf4 Bg6 12. Nxg6 hxg6 13. Be2 Be7 14. Qb3 Qf5 15. d5 Ne5 16. Nd4 Qc8 17. a4 Nbd7 18. f4 Nc5 19. Qc2 Ned7 20. b4 Na6 21. Qd2 Bf6 22. Bg4 Qd8 23. 0-0 0-0 24. Bxd7 Qxd7 25. f5 gxf5 26. Bg5 Be5 27. Rae1 g6 28. Rxe5 dxe5 29. Bf6 f4 30. Qe1 Qd6 31. Qh4 Qxf6 32. Qxf6 exd4 33. Rxf4 1-0

[Event "Canovelles op"]
[Site "Canovelles"]
[Date "2021.12.27"]
[Round "1"]
[White "Munoz Pantoja, Miguel Angel"]
[Black "Mangues Rubia, Oriol"]
[Result "1-0"]
[ECO "C22"]
[WhiteElo "2435"]
[BlackElo "1606"]
[PlyCount "51"]
[EventDate "2021.12.27"]
[EventType "swiss"]
[EventRounds "7"]
[EventCountry "ESP"]
[SourceTitle "CBM 206 Extra"]
[Source "ChessBase"]
[SourceDate "2022.03.31"]
[SourceVersion "1"]
[SourceVersionDate "2022.03.31"]
[SourceQuality "1"]

1. e4 e5 2. d4 exd4 3. Qxd4 Nc6 4. Qe3 Bb4+ 5. Bd2 Qe7 6. Nc3 Nf6 7. 0-0-0 0-0 8. f3 Re8 9. Qf2 Qc5 10. Qg3 a5 11. Nge2 a4 12. Kb1 a3 13. b3 Nd4 14. Nxd4 Qxd4 15. Qxc7 d5 16. Bb5 Bd7 17. Be1 Qe3 18. Bxd7 Ba5 19. Qg3 Nxd7 20. Nxd5 Qh6 21. Bxa5 Rxa5 22. Qc7 Rxd5 23. Rxd5 Qf6 24. e5 Nxe5 25. Re1 Qc6 26. Qxc6 1-0

[Event "Barcelona Sant Marti op-B 21st"]
[Site "Barcelona"]
[Date "2019.07.19"]
[Round "7"]
[White "Hernandez Mediavilla, Juan Jose"]
[Black "Mangues Rubia, Oriol"]
[Result "1/2-1/2"]
[ECO "C68"]
[WhiteElo "1311"]
[BlackElo "1055"]
[PlyCount "46"]
[EventDate "2019.07.13"]
[EventType "swiss"]
[EventRounds "9"]
[EventCountry "ESP"]
[SourceTitle "EXT 2020"]
[Source "ChessBase"]
[SourceDate "2019.10.17"]
[SourceVersion "1"]
[SourceVersionDate "2019.10.17"]
[SourceQuality "1"]

1. e4 e5 2. Nf3 Nc6 3. Bb5 a6 4. Bxc6 dxc6 5. h3 Bd6 6. 0-0 Nf6 7. d3 h6 8. Nbd2 0-0 9. Nc4 Be6 10. Nxd6 cxd6 11. b3 Nd7 12. Nh2 Qf6 13. Qh5 Qg6 14. Qxg6 fxg6 15. f4 d5 16. exd5 Bxd5 17. Be3 exf4 18. Bxf4 Rae8 19. Bd6 Rxf1+ 20. Rxf1 Re2 21. Rf2 Re1+ 22. Nf1 Nf6 23. Kh2 Re6 1/2-1/2

[Event "Foment Martinenc op-C 19st"]
[Site "Barcelona"]
[Date "2017.06.17"]
[Round "9.33"]
[White "Orts Gonzalez, Rafael"]
[Black "Mangues Rubia, Oriol"]
[Result "1-0"]
[ECO "A40"]
[WhiteElo "1401"]
[BlackElo "1328"]
[PlyCount "119"]
[EventDate "2017.04.22"]
[EventType "swiss"]
[EventRounds "9"]
[EventCountry "ESP"]
[SourceTitle "EXT 2024"]
[Source "ChessBase"]
[SourceDate "2023.10.10"]
[SourceVersion "1"]
[SourceVersionDate "2023.10.10"]
[SourceQuality "1"]

1. d4 g6 2. Bf4 Bg7 3. c3 d6 4. h3 e5 5. dxe5 dxe5 6. Qxd8+ Kxd8 7. Bh2 Nc6 8. e4 Be6 9. Nf3 f5 10. Ng5 Bd7 11. Nf7+ Ke7 12. Bc4 Nf6 13. Nxh8 Bxh8 14. Nd2 Re8 15. exf5 gxf5 16. 0-0 f4 17. Nf3 e4 18. Rfe1 Kd8 19. Ng5 f3 20. Nf7+ Ke7 21. g3 Bxh3 22. Ng5 Bg2 23. Nxe4 Nxe4 24. Rxe4+ Kd7 25. Rd1+ Bd4 26. Rh4 b5 27. Bxb5 Rb8 28. Rhxd4+ Ke7 29. Re1+ Kf7 30. Rf4+ Kg7 31. Bxc6 Rb6 32. Bxf3 Bxf3 33. Rxf3 Rxb2 34. Re7+ Kg6 35. Re6+ Kg5 36. Re5+ Kg6 37. g4 Rb1+ 38. Kg2 Rb6 39. Bf4 Kg7 40. Rg5+ Rg6 41. Rxg6+ hxg6 42. Bxc7 Kh6 43. Bf4+ g5 44. Rh3+ Kg6 45. Be3 Kf6 46. Rh5 Kg6 47. Rxg5+ Kf6 48. f4 Kf7 49. Bd4 Ke6 50. f5+ Kd6 51. c4 Kc6 52. Rg6+ Kc7 53. c5 Kd7 54. Be5 Ke7 55. Re6+ Kd7 56. c6+ Kd8 57. Bf6+ Kc8 58. Be5 Kd8 59. f6 Kc8 60. Re8# 1-0

[Event "Foment Martinenc op-C 19st"]
[Site "Barcelona"]
[Date "2017.05.06"]
[Round "3.30"]
[White "Castillo Rosa, Jose Luis"]
[Black "Mangues Rubia, Oriol"]
[Result "1-0"]
[ECO "B22"]
[WhiteElo "1700"]
[BlackElo "1328"]
[PlyCount "59"]
[EventDate "2017.04.22"]
[EventType "swiss"]
[EventRounds "9"]
[EventCountry "ESP"]
[SourceTitle "EXT 2024"]
[Source "ChessBase"]
[SourceDate "2023.10.10"]
[SourceVersion "1"]
[SourceVersionDate "2023.10.10"]
[SourceQuality "1"]

1. e4 c5 2. c3 Nf6 3. e5 Nd5 4. Nf3 e6 5. d4 Nb6 6. Be3 Qc7 7. Nbd2 d5 8. exd6 Bxd6 9. Ne4 N8d7 10. h4 0-0 11. h5 h6 12. g4 f5 13. Nxd6 Qxd6 14. gxf5 Rxf5 15. Bd3 Rf7 16. dxc5 Nxc5 17. Bh7+ Kxh7 18. Qxd6 Nc4 19. Qd4 Rxf3 20. Qxc4 Rf5 21. 0-0-0 g6 22. hxg6+ Kxg6 23. Rxh6+ Kf7 24. Rd8 Bd7 25. Rxd7+ Nxd7 26. Qxe6+ Kg7 27. Qxd7+ Rf7 28. Rh7+ Kxh7 29. Qxf7+ Kh8 30. Bd4# 1-0